000 00450nam a2200145Ia 4500
008 231129s1997||||xx |||||||||||||| ||spa||
020 _a958-20-0361-8
040 _bspa
082 _a372.357043 T628p
100 _aTobasura Acuna Isaias
245 0 _aProyectos ambientales escolares: estrategia para la formacion ambiental
260 _c1997
264 _aCooperativa Editorial Magisterio
942 _2ddc
_cBKS
999 _c23419
_d23419